The life and death of the Mayor of Casterbridge : (Record no. 20068)
[ view plain ]
| 000 -LEADER | |
|---|---|
| fixed length control field | 00875nam a2200253 i 4500 |
| 001 - CONTROL NUMBER | |
| control field | 20068 |
| 003 - CONTROL NUMBER IDENTIFIER | |
| rucl marc code | BD-RjUL |
| 005 - DATE AND TIME OF LATEST TRANSACTION | |
| control field | 20211209000521.0 |
| 008 - FIXED-LENGTH DATA ELEMENTS--GENERAL INFORMATION | |
| fixed length control field | 140226r19661958enkb 000 1 eng u |
| 035 ## - SYSTEM CONTROL NUMBER | |
| System control number | (BD-RjUL)20130 |
| 040 ## - CATALOGING SOURCE | |
| Original cataloging agency | CNC |
| Modifying agency | UKM |
| -- | EQO |
| -- | BD-RjUL |
| Language of cataloging | eng |
| Transcribing agency | DLC |
| 041 ## - LANGUAGE CODE | |
| Language code of text/sound track or separate title | eng |
| 082 00 - DEWEY DECIMAL CLASSIFICATION NUMBER | |
| Classification number | 823.8 |
| Edition number | 18 |
| Author mark and year | HAL 1966 |
| 090 ## - LOCALLY ASSIGNED LC-TYPE CALL NUMBER (OCLC); LOCAL CALL NUMBER (OCLC) | |
| Classification number (OCLC) (R) ; Classification number, CALL (RLIN) (NR) | PR4750 |
| Local cutter number (OCLC) ; Book number/undivided call number, CALL (RLIN) | .M3 1958 |
| 100 1# - MAIN ENTRY--PERSONAL NAME | |
| Personal name | Hardy, Thomas, |
| Dates associated with a name | 1840-1928. |
| 9 (RLIN) | 61787 |
| 245 14 - TITLE STATEMENT | |
| Title | The life and death of the Mayor of Casterbridge : |
| Remainder of title | a story of a man of character / |
| Statement of responsibility, etc. | by Thomas Hardy. |
| 260 ## - PUBLICATION, DISTRIBUTION, ETC. (IMPRINT) | |
| Place of publication, distribution, etc. | London ; |
| Name of publisher, distributor, etc. | Macmillan ; |
| Place of publication, distribution, etc. | New York : |
| Name of publisher, distributor, etc. | St. Martin's Press, |
| Date of publication, distribution, etc. | 1958 [reprinted 1966]. |
| 300 ## - PHYSICAL DESCRIPTION | |
| Pagination | v, 333 p. : |
| Illustrations | map ; |
| Size | 17 cm. |
| 490 1# - SERIES STATEMENT | |
| Series statement | St. Martin's library |
| 650 1# - SUBJECT ADDED ENTRY--TOPICAL TERM | |
| Topical term or geographic name as entry element | England -- Social life and customs -- 19th century -- Fiction. |
| 9 (RLIN) | 60778 |
| 830 #0 - SERIES ADDED ENTRY--UNIFORM TITLE | |
| Uniform title | St. Martin's library |
| 942 ## - ADDED ENTRY ELEMENTS (KOHA) | |
| Source of classification or shelving scheme | Dewey Decimal Classification |
| Koha item type | Books |
| Lost status | Source of classification or shelving scheme | Damaged status | Not for loan | Collection code | Permanent Location | Current Location | Shelving location | Date acquired | Source of acquisition | Cost, normal purchase price | Total Checkouts | Full call number | Date last seen | Copy number | Koha item type |
|---|---|---|---|---|---|---|---|---|---|---|---|---|---|---|---|
| Dewey Decimal Classification | Fiction | Central Library, University of Rajshahi | Central Library, University of Rajshahi | 23/09/1968 | Zeitlinger | 6.00 | 823.8 HAL 1966 | 26/02/2014 | C-3 | Books | |||||
| Dewey Decimal Classification | Not For Loan | Fiction | Central Library, University of Rajshahi | Central Library, University of Rajshahi | Reading Room | 23/09/1968 | Zeitlinger | 6.00 | 823.8 HAL 1966 | 29/12/2016 | C-1 | Books | |||
| Dewey Decimal Classification | Fiction | Central Library, University of Rajshahi | Central Library, University of Rajshahi | General Stacks | 14/01/2024 | 823.8 HAL 1966 | 14/01/2024 | C-2 | Books | ||||||
| Dewey Decimal Classification | Fiction | Central Library, University of Rajshahi | Central Library, University of Rajshahi | General Stacks | 14/01/2024 | 823.8 HAL 1966 | 14/01/2024 | C-4 | Books | ||||||
| Dewey Decimal Classification | Non-fiction | Central Library, University of Rajshahi | Central Library, University of Rajshahi | General Stacks | 14/01/2024 | 823.8 HAL 1966 | 14/01/2024 | C-5 | Books |